Chile 2001-2002. Impactos y desafíos de las crisis internacionales /

Detalles Bibliográficos
Autor Corporativo: FLACSO
Formato: Libro
Lenguaje:inglés
Publicado: Santiago, Chile FLACSO 2002
Colección:Libros Flacso
Materias:
Acceso en línea:

MARC

LEADER 00000cam a2200000 a 4500
001 008439
003 UAHC_CL
005 20170803120446.0
008 030519b xx j 000 1 eng
020 |a 9562051722 
040 |a UAHC_CL  |c UAHC_CL  |d UAHC_CL 
245 1 0 |a Chile 2001-2002. Impactos y desafíos de las crisis internacionales /  |c FLACSO. 
260 |b FLACSO  |c 2002  |a Santiago, Chile 
300 |a 324 p. 
490 0 |a Libros Flacso 
650 4 |a RELACIONES INTERNACIONALES 
650 4 |a INTEGRACION ECONOMICA 
650 4 |a TERRORISMO 
650 4 |a DERECHOS HUMANOS 
650 4 |a DISTRIBUCION DEL INGRESO 
650 4 |a CIUDADANIA 
650 4 |a FAMILIA 
650 4 |a MUJERES 
651 4 |a CHILE 
653 |a ADMINISTRACION PUBLICA 
710 1 |a FLACSO 
900 |a 327 CHI 
942 |c BK 
952 |0 0  |1 0  |4 0  |6 327_000000000000000_CHI  |7 0  |8 General  |9 18017  |a BC  |b BC  |c General  |d 2017-08-03  |l 0  |o 327 CHI  |p 1337936  |r 2026-01-13 00:00:00  |t 1  |w 2017-08-03  |y BK 
999 |c 8439  |d 8439